Odd One Out: South American Countries - Statistics

General Stats
  • This quiz has been taken 66 times
  • The average score is 13 of 16
Answer Stats
Question Answer % Correct
Countries with megacities (urban areas with a population over 10 million)* Bolivia
100%
Countries where Spanish is an official language Brazil
100%
Countries with Antarctic territorial claims Brazil
100%
Countries with an area greater than 1,000,000 km² Chile
100%
Countries on the shore of Lake Titicaca Colombia
100%
Countries bordering the Atlantic Ocean Ecuador
100%
Countries whose capital city starts with B Suriname
100%
Landlocked countries Uruguay
100%
Countries with a population under 1,000,000 Uruguay
100%
Countries bordering Brazil Chile
67%
Countries bordering the Pacific Ocean Guyana
67%
Countries bordering France Guyana
67%
Countries containing part of the Amazon Rainforest Paraguay
67%
Countries containing part of the Andes Mountains Paraguay
67%
Countries with mountains higher than 20,000 ft / 6,000 m Venezuela
67%
Countries that became independent in the 19th century Suriname
33%
No matching quizzes found
Score Distribution
Percent of People with Each Score
Percentile by Number Answered
Your Score History
You have not taken this quiz